Die Beziehungen zwischen Japan und Lateinamerika
Spremljeno u:
| Glavni autor: | |
|---|---|
| Format: | Knjiga |
| Jezik: | Undetermined |
| Izdano: |
Hamburg
Institut fur Iberoamerika-Kunde
1972
|
| Teme: | |
| Oznake: |
Dodaj oznaku
Bez oznaka, Budi prvi tko označuje ovaj zapis!
|
| Thư viện lưu trữ: | Trung tâm Học liệu Trường Đại học Cần Thơ |
|---|
| LEADER | 00588nam a2200205Ia 4500 | ||
|---|---|---|---|
| 001 | CTU_110249 | ||
| 008 | 210402s9999 xx 000 0 und d | ||
| 082 | |a 327.5208 | ||
| 082 | |b W863 | ||
| 100 | |a Wollhlcke, Manfred | ||
| 245 | 0 | |a Die Beziehungen zwischen Japan und Lateinamerika | |
| 245 | 0 | |c Manfred Wollhlcke | |
| 260 | |a Hamburg | ||
| 260 | |b Institut fur Iberoamerika-Kunde | ||
| 260 | |c 1972 | ||
| 650 | |a Latin america,Japan | ||
| 650 | |x Relations,Relations | ||
| 650 | |z Japan,Latin america | ||
| 904 | |i Năm | ||
| 980 | |a Trung tâm Học liệu Trường Đại học Cần Thơ | ||